000 00519nam a2200169 4500
001 VA23033
003 ES-SlBCS
005 20210601154810.0
008 140520s1969 xxu||||| |||| 00| 0 spa d
041 _aspa
100 1 _aValcarce Alfayate, Enrique
_928360
245 1 0 _aEl Sínodo de los Obispos
_b:Convivencia, corresponsabilidad, colegialidad
_cEnrique Valcarce Alfayate
260 _aMadrid :
_bStudium
_c, 1969
300 _a142 p.;
_c18 cm
650 _aColegialidad-Sínodo de los Obispos
_9373859
942 _cBK
999 _c809699
_d809699